Loading...
| Fine Arts - Visual | 2 | 5 | 0 | 1 | 80 | 68 | 105.43 | 4 | 7 | 0.00 | 0.00 |
| Literature - American | 0 | 5 | 0 | 0 | 50 | 116 | 141.40 | 3 | 5 | 0.00 | 0.00 |
| Social Science | 0 | 4 | 0 | 1 | 40 | 95 | 110.25 | 2 | 4 | 0.00 | 0.00 |
| Fine Arts - Other | 0 | 4 | 0 | 0 | 40 | 93 | 116.75 | 3 | 4 | 0.00 | 0.00 |
| Geography | 2 | 1 | 1 | 0 | 35 | 53 | 73.00 | 3 | 3 | 0.00 | 0.00 |
| Literature - World | 0 | 3 | 0 | 0 | 30 | 108 | 126.33 | 1 | 3 | 0.00 | 0.00 |
| History - Ancient/Other | 0 | 3 | 0 | 0 | 30 | 97 | 112.33 | 2 | 3 | 0.00 | 0.00 |
| Literature - European | 0 | 3 | 0 | 1 | 30 | 131 | 142.33 | 1 | 3 | 0.00 | 0.00 |
| Literature - British | 0 | 3 | 1 | 0 | 25 | 117 | 128.33 | 1 | 3 | 0.00 | 0.00 |
| Religion | 0 | 3 | 2 | 1 | 20 | 78 | 108.00 | 2 | 3 | 0.00 | 0.00 |
| Fine Arts - Auditory | 0 | 2 | 0 | 0 | 20 | 153 | 156.00 | 1 | 2 | 0.00 | 0.00 |
| History - European | 0 | 2 | 0 | 0 | 20 | 87 | 94.50 | 0 | 2 | 0.00 | 0.00 |
| Science - Biology | 0 | 3 | 2 | 1 | 20 | 81 | 115.67 | 1 | 3 | 0.00 | 0.00 |
| Mythology | 0 | 2 | 0 | 0 | 20 | 117 | 135.50 | 1 | 2 | 0.00 | 0.00 |
| History - World | 0 | 2 | 1 | 0 | 15 | 87 | 88.50 | 1 | 2 | 0.00 | 0.00 |
| Philosophy | 0 | 1 | 0 | 0 | 10 | 140 | 140.00 | 0 | 1 | 0.00 | 0.00 |
| Science - Chemistry | 0 | 1 | 0 | 0 | 10 | 108 | 108.00 | 0 | 1 | 0.00 | 0.00 |
| Current Events | 0 | 1 | 0 | 0 | 10 | 118 | 118.00 | 0 | 1 | 0.00 | 0.00 |
| Science - Other | 0 | 1 | 1 | 0 | 5 | 83 | 83.00 | 1 | 1 | 0.00 | 0.00 |
| History - American | 0 | 0 | 1 | 0 | -5 | 0.00 | 0 | 0 | 0.00 | 0.00 |